[Event "UZB-ch (Women)"]
[Site "Tashkent"]
[Date "2010.05.16"]
[Round "11"]
[White "Verbova, Elena"]
[Black "Hamrakulova, Yulduz"]
[Result "1-0"]
[WhiteElo "1973"]
[BlackElo "2249"]
[PlyCount "129"]
[EventDate "2010.05.16"]
[EventType "tourn"]
[EventRounds "11"]
[EventCountry "UZB"]
[SourceTitle "EXT 2011"]
[Source "ChessBase"]
[SourceDate "2010.11.26"]
[SourceVersion "1"]
[SourceVersionDate "2010.11.26"]
[SourceQuality "1"]

1. e4 e5 2. Nf3 Nf6 3. Nc3 Bb4 4. d3 Nc6 5. Be2 d5 6. exd5 Nxd5 7. Bd2 0-0 8. 0-0 Bxc3 9. bxc3 Qf6 10. Ne1 Be6 11. g3 Rad8 12. Ng2 Bh3 13. Rb1 b6 14. Bg4 Bxg4 15. Qxg4 Qd6 16. Nh4 Nf6 17. Qh3 Ne7 18. Nf5 Nxf5 19. Qxf5 g6 20. Qh3 Nd5 21. Rfe1 f5 22. c4 Nf6 23. Bg5 Rde8 24. Bxf6 Rxf6 25. Re2 Qd4 26. Rbe1 Rfe6 27. Qh6 Qc5 28. h4 Qc6 29. Kh2 Qf3 30. Qe3 Qxe3 31. Rxe3 Kf7 32. Kg2 Kf6 33. f3 Rc6 34. R1e2 Rc5 35. Kf2 Re7 36. Kg2 a6 37. g4 h6 38. Kf2 b5 39. cxb5 axb5 40. d4 Rd5 41. dxe5+ Rdxe5 42. g5+ hxg5 43. hxg5+ Kxg5 44. Rxe5 Rh7 45. Rxb5 Kf4 46. Rb4+ Kg5 47. a4 Rh1 48. Rc4 Rh2+ 49. Kf1 Rh1+ 50. Kg2 Ra1 51. Rxc7 Kh5 52. Ree7 g5 53. Rc6 g4 54. f4 g3 55. Kxg3 Rg1+ 56. Kf2 Ra1 57. Rc4 Ra3 58. Rg7 Kh6 59. Rg5 Ra1 60. Rxf5 Kg6 61. Rb5 Kf7 62. Rc6 Ke7 63. Rb7+ Kd8 64. Ra6 Kc8 65. Rf7 1-0

[Event "UZB-ch (Women)"]
[Site "Tashkent"]
[Date "2010.05.16"]
[Round "4"]
[White "Verbova, Elena"]
[Black "Mamatkulova, Maftuna"]
[Result "0-1"]
[WhiteElo "1973"]
[BlackElo "1951"]
[PlyCount "142"]
[EventDate "2010.05.16"]
[EventType "tourn"]
[EventRounds "11"]
[EventCountry "UZB"]
[SourceTitle "EXT 2011"]
[Source "ChessBase"]
[SourceDate "2010.11.26"]
[SourceVersion "1"]
[SourceVersionDate "2010.11.26"]
[SourceQuality "1"]

1. e4 c6 2. d4 g6 3. Nc3 Bg7 4. f4 d5 5. e5 h5 6. Nf3 Bg4 7. Be3 e6 8. Be2 Nh6 9. Qd2 Nf5 10. 0-0-0 Nd7 11. Bf2 Bf8 12. Ng5 Bxe2 13. Qxe2 Be7 14. h4 Bb4 15. Rh3 Nh6 16. Be1 a5 17. Nb1 Be7 18. Nd2 b5 19. Nf1 Qb6 20. Nh2 c5 21. dxc5 Bxc5 22. g4 hxg4 23. Nxg4 Nf5 24. Rdd3 Rc8 25. Kb1 b4 26. Nf3 Be7 27. Bf2 Qc7 28. Ng5 Qc4 29. Ne3 Nxe3 30. Rdxe3 Qc7 31. Ref3 Qc6 32. Qd3 a4 33. Rfg3 Nf8 34. Bd4 a3 35. b3 Rh5 36. Qd2 Qb5 37. Qf2 Nd7 38. Rg2 Nc5 39. Bxc5 Bxc5 40. Qf3 Qa6 41. Rh1 Qb6 42. f5 exf5 43. Qxd5 Qc7 44. e6 f6 45. Nf7 Qc6 46. Qd1 Bf8 47. Rd2 Be7 48. Rd3 f4 49. Nd6+ Bxd6 50. Rg1 Be7 51. Rxg6 Rh8 52. h5 Qxe6 53. Rg2 Qe5 54. c4 bxc3 55. Re2 c2+ 56. Rxc2 Rxc2 57. Qxc2 Qb2+ 58. Qxb2 axb2 59. Kxb2 Rxh5 60. Rf3 Bd6 61. a4 Rh2+ 62. Kc3 Rg2 63. Kc4 Kd7 64. a5 Kc6 65. Rd3 Rc2+ 66. Kd4 Kb5 67. Ke4 Be5 68. Rd5+ Rc5 69. a6 Rxd5 70. Kxd5 Kxa6 71. Kc6 f3 0-1